000 00472nam a2200181Ia 4500
001 17917
003 IN-NITTTR
005 20251114233209.0
008 251113s9999||||xx |||||||||||||| ||eng||
040 _beng
040 _cIN-NITTTR
041 _aeng
082 _a004 B395D R
100 _aBeheshti, Hooshang M.
245 0 _aData processing :
_b a user's approach. /
_cBeheshti, Hooshang M., Mattson, Melvin R.
700 _a Mattson, Melvin R.
942 _2ddc
_cBK
999 _c20551
_d20551